Bhoomiyude Avakasikal (Record no. 78791)

MARC details
000 -LEADER
fixed length control field 00440nam a2200145Ia 4500
008 - FIXED-LENGTH DATA ELEMENTS--GENERAL INFORMATION
fixed length control field 211109s9999||||xx |||||||||||||| ||und||
082 ## - DEWEY DECIMAL CLASSIFICATION NUMBER
Classification number 894.8123
Item number BAS-B
100 ## - MAIN ENTRY--PERSONAL NAME
Personal name Basheer, Vaikom Muhammad
245 #0 - TITLE STATEMENT
Title Bhoomiyude Avakasikal
260 ## - PUBLICATION, DISTRIBUTION, ETC.
Name of publisher, distributor, etc. Current Books
Place of publication, distribution, etc. Kottayam Bn 795
Date of publication, distribution, etc. 1978
300 ## - PHYSICAL DESCRIPTION
Extent 72p.
630 ## - SUBJECT ADDED ENTRY--UNIFORM TITLE
General subdivision general stack
650 ## - SUBJECT ADDED ENTRY--TOPICAL TERM
Topical term or geographic name entry element Malayalam LIterature
942 ## - ADDED ENTRY ELEMENTS (KOHA)
Koha item type BOOK
650 ## - SUBJECT ADDED ENTRY--TOPICAL TERM
Form subdivision Malayalam Fiction
General subdivision Malayalam NovelsShort StoriesGeneralia
Holdings
Withdrawn status Lost status Damaged status Not for loan Home library Current library Date acquired Cost, normal purchase price Total Checkouts Full call number Barcode Shelving location Date last seen Price effective from Koha item type
        SB LIBRARY SB LIBRARY 09/11/2021 3.00   894.8123 BAS-B 00063366 GENERAL STACK 09/11/2021 09/11/2021 BOOK

Powered by Koha